[Event "ASIAN CITIES CHESS CHAMPIONSHIP 2015"]
[Site "Citrus Hotel , Waskaduwa, Sri Lanka"]
[Date "2015.07.23"]
[Round "3"]
[Board "2"]
[White "Borigas, Edgardo"]
[Black "Doluweera, Minul Sanjula"]
[Result "0-1"]
[WhiteElo "1914"]
[BlackElo "2042"]
[PlyCount "66"]
[EventDate "2015.07.22"]
[EventType "team"]
[EventRounds "9"]
[EventCountry "SRI"]
[WhiteTeam "Hong Kong, Hong Kong"]
[BlackTeam "Kandy, Sri Lanka"]

1. d4 Nf6 2. Nf3 e6 3. Bf4 c5 4. e3 b6 5. Nbd2 Bb7 6. Be2 Be7 7. h3 O-O 8. O-O
d6 9. c3 Nbd7 10. Qb3 cxd4 11. cxd4 Rc8 12. Rac1 a6 13. Nc4 Bd5 14. Qa3 Bxc4
15. Bxc4 d5 16. Qxa6 dxc4 17. Rxc4 Rxc4 18. Qxc4 Qc8 19. Qb3 Qc6 20. a3 Rc8 21.
Qd3 Qc4 22. Qb1 Qc2 23. Qa1 h6 24. Re1 Ne4 25. Rf1 Qe2 26. Kh2 g5 27. Ng1 Qc2
28. Bg3 Nxg3 29. Kxg3 Bd6+ 30. f4 gxf4+ 31. exf4 Qg6+ 32. Kf3 Qd3+ 33. Kg4 h5+
 0-1

[Event "ASIAN CITIES CHESS CHAMPIONSHIP 2015"]
[Site "Citrus Hotel , Waskaduwa, Sri Lanka"]
[Date "2015.07.23"]
[Round "3"]
[Board "3"]
[White "Subasinghe, K R V R"]
[Black "Lau, Lut Yin Luke"]
[Result "1-0"]
[WhiteElo "1874"]
[BlackElo "1809"]
[PlyCount "97"]
[EventDate "2015.07.22"]
[EventType "team"]
[EventRounds "9"]
[EventCountry "SRI"]
[WhiteTeam "Kandy, Sri Lanka"]
[BlackTeam "Hong Kong, Hong Kong"]

1. e4 e5 2. Nf3 Nf6 3. Nxe5 d6 4. Nf3 Nxe4 5. Qe2 Qe7 6. d3 Nf6 7. Bg5 Qxe2+ 8.
Bxe2 Be7 9. Nc3 h6 10. Bxf6 Bxf6 11. Nd5 Bd8 12. O-O-O O-O 13. Rde1 c6 14. Ne3
d5 15. c3 Nd7 16. Bd1 Nf6 17. h3 Bc7 18. Bc2 Re8 19. Re2 Bd7 20. Rhe1 Nh5 21.
Rd2 Bf4 22. Kd1 Re7 23. Rde2 Rae8 24. d4 g6 25. Nh4 Ng3 26. fxg3 Bxg3 27. Nxg6
Re6 28. Ne5 Bxe1 29. Rxe1 Bc8 30. Kd2 f6 31. N5g4 h5 32. Nh2 Kf7 33. Nf3 Rg8
34. Bd3 Ree8 35. Rf1 Rg3 36. Rf2 Reg8 37. Ne1 Re8 38. N1c2 Reg8 39. Be2 Kg6 40.
Nf1 h4 41. Nxg3 hxg3 42. Rf1 b5 43. Ne3 a5 44. Bg4 Ba6 45. Rf3 b4 46. Rxg3
bxc3+ 47. Kxc3 Rb8 48. Bc8+ Kf7 49. Bxa6 1-0

[Event "ASIAN CITIES CHESS CHAMPIONSHIP 2015"]
[Site "Citrus Hotel , Waskaduwa, Sri Lanka"]
[Date "2015.07.23"]
[Round "3"]
[Board "4"]
[White "Borigas, Edrien Gappi"]
[Black "Piyumantha, M Sasith Nipun"]
[Result "0-1"]
[WhiteElo "1271"]
[BlackElo "1928"]
[PlyCount "52"]
[EventDate "2015.07.22"]
[EventType "team"]
[EventRounds "9"]
[EventCountry "SRI"]
[WhiteTeam "Hong Kong, Hong Kong"]
[BlackTeam "Kandy, Sri Lanka"]

1. e4 c5 2. Nf3 g6 3. d4 cxd4 4. Qxd4 Nf6 5. e5 Nc6 6. Qa4 Nd5 7. Qb3 Nc7 8. c4
Bg7 9. Bf4 Ne6 10. Bg3 Qc7 11. Qe3 Qa5+ 12. Nc3 O-O 13. h4 h5 14. a3 d6 15.
exd6 exd6 16. Bxd6 Ned4 17. Nxd4 Bxd4 18. Qf3 Bg4 19. Qd3 Rfe8+ 20. Kd2 Rad8
21. b4 Bxc3+ 22. Kxc3 Nxb4 23. Qg3 Nd5+ 24. Kc2 Rxd6 25. cxd5 Rc8+ 26. Kb2 Rb6+
 0-1

[Event "ASIAN CITIES CHESS CHAMPIONSHIP 2015"]
[Site "Citrus Hotel , Waskaduwa, Sri Lanka"]
[Date "2015.07.23"]
[Round "3"]
[Board "1"]
[White "Ahmed, Ashraf"]
[Black "Sultan, Ibrahim"]
[Result "1-0"]
[WhiteElo "1837"]
[BlackElo "2040"]
[PlyCount "73"]
[EventDate "2015.07.22"]
[EventType "team"]
[EventRounds "9"]
[EventCountry "SRI"]
[WhiteTeam "Male, Maldives"]
[BlackTeam "Dubai, UAE"]

1. e4 c5 2. Nf3 d6 3. Bc4 Nc6 4. Nc3 Nf6 5. d4 cxd4 6. Nxd4 Qb6 7. Nxc6 bxc6 8.
h3 e5 9. O-O Be7 10. Qd3 O-O 11. a3 Be6 12. Bxe6 fxe6 13. Be3 Qc7 14. Rad1 d5
15. f4 d4 16. fxe5 dxe3 17. exf6 Rxf6 18. Rxf6 gxf6 19. Qxe3 Qe5 20. b4 a5 21.
Rd7 Bf8 22. Qf3 axb4 23. axb4 h5 24. Ne2 Bxb4 25. Qf4 Qg5 26. h4 Qg6 27. Qf3
Be1 28. g3 Ra1 29. Kg2 Qe8 30. Qd3 Ba5 31. Nf4 Rb1 32. Qd6 e5 33. Re7 Qxe7 34.
Qxe7 exf4 35. Qxf6 fxg3 36. e5 Bc7 37. Qe6+ 1-0

[Event "ASIAN CITIES CHESS CHAMPIONSHIP 2015"]
[Site "Citrus Hotel , Waskaduwa, Sri Lanka"]
[Date "2015.07.23"]
[Round "3"]
[Board "2"]
[White "Ahmed, Fareed"]
[Black "Ahmed, Fuad"]
[Result "1-0"]
[WhiteElo "2052"]
[BlackElo "1797"]
[PlyCount "151"]
[EventDate "2015.07.22"]
[EventType "team"]
[EventRounds "9"]
[EventCountry "SRI"]
[WhiteTeam "Dubai, UAE"]
[BlackTeam "Male, Maldives"]

1. e4 e6 2. d4 d5 3. Nd2 dxe4 4. Nxe4 Bd7 5. Nf3 Bc6 6. Bd3 Nd7 7. Qe2 Ngf6 8.
Neg5 Bxf3 9. Qxf3 h6 10. Nh3 c6 11. Bd2 Qb6 12. c3 g5 13. Qe2 Bd6 14. O-O Qc7
15. f4 g4 16. Nf2 h5 17. Ne4 Nxe4 18. Bxe4 Nf6 19. f5 Nxe4 20. Qxe4 O-O-O 21.
Bf4 Rde8 22. Rae1 Bxf4 23. Qxf4 Qxf4 24. Rxf4 exf5 25. Rxe8+ Rxe8 26. Kf2 Rh8
27. Rxf5 Rh7 28. Kg3 Kd7 29. Kh4 Ke6 30. Rxh5 Rg7 31. Re5+ Kd6 32. Rg5 Rh7+ 33.
Kg3 f6 34. Rxg4 Ke6 35. Rf4 f5 36. h4 b6 37. Kf2 c5 38. dxc5 bxc5 39. g4 Rb7
40. b3 fxg4 41. Rxg4 Rd7 42. Ke2 Rf7 43. Rg5 Rf4 44. Rxc5 Rxh4 45. Kd3 Kd6 46.
b4 Rg4 47. a4 Rh4 48. Kc2 Rg4 49. Kb3 Rh4 50. a5 Rg4 51. Ka4 a6 52. Rc8 Kd7 53.
Ra8 Rc4 54. Ra7+ Kc8 55. Kb3 Rc6 56. Rh7 Kb8 57. c4 Rg6 58. Rh3 Rg4 59. Rc3 Kb7
60. b5 axb5 61. cxb5 Kb8 62. Rc4 Rg5 63. Kb4 Kb7 64. a6+ Kb6 65. Rc6+ Ka7 66.
Ka5 Rh5 67. Rc7+ Ka8 68. Kb6 Rh8 69. Rd7 Kb8 70. Kc6 Rh6+ 71. Rd6 Rh8 72. b6
Rg8 73. Rd5 Rg6+ 74. Kb5 Rg8 75. a7+ Kb7 76. Rd7+ 1-0

[Event "ASIAN CITIES CHESS CHAMPIONSHIP 2015"]
[Site "Citrus Hotel , Waskaduwa, Sri Lanka"]
[Date "2015.07.23"]
[Round "3"]
[Board "4"]
[White "Ali, Abdulaziz"]
[Black "Ibarhim, Firaq"]
[Result "1-0"]
[WhiteElo "1767"]
[BlackElo "1563"]
[PlyCount "80"]
[EventDate "2015.07.22"]
[EventType "team"]
[EventRounds "9"]
[EventCountry "SRI"]
[WhiteTeam "Dubai, UAE"]
[BlackTeam "Male, Maldives"]

1. e4 c5 2. Nf3 Nc6 3. Bb5 g6 4. O-O Bg7 5. c3 Nf6 6. Re1 O-O 7. d4 cxd4 8.
cxd4 d5 9. e5 Ne8 10. h3 Nc7 11. Ba4 Ne6 12. Nc3 a6 13. Bb3 Nc7 14. a3 Be6 15.
Bf4 h6 16. Na4 Na5 17. Ba2 b5 18. Nc5 Kh7 19. Rc1 Bf5 20. e6 Nc4 21. Nd7 Nxe6
22. Nxf8+ Nxf8 23. Bxc4 bxc4 24. Be5 Ne6 25. Bxg7 Kxg7 26. g4 Be4 27. Ne5 Nf4
28. Rc3 e6 29. Qd2 g5 30. Nxc4 Bg2 31. Ne5 Bxh3 32. Rg3 f5 33. gxf5 Bxf5 34.
Qxf4 Qb6 35. Nf3 Qd8 36. Qe5+ Kh7 37. Rc1 Ra7 38. Kg2 Rg7 39. Rh1 Qa5 40. Qf4
Rg6 1-0

[Event "ASIAN CITIES CHESS CHAMPIONSHIP 2015"]
[Site "Citrus Hotel , Waskaduwa, Sri Lanka"]
[Date "2015.07.23"]
[Round "3"]
[Board "1"]
[White "Ahmad, E. Al-Azzah"]
[Black "Battulga, Namkhai"]
[Result "0-1"]
[WhiteElo "1963"]
[BlackElo "2387"]
[PlyCount "70"]
[EventDate "2015.07.22"]
[EventType "team"]
[EventRounds "9"]
[EventCountry "SRI"]
[WhiteTeam "Jeruselam, Palestine"]
[BlackTeam "Erdenet, Mongolia"]

1. d3 d5 2. f4 c5 3. e4 Nc6 4. e5 Bf5 5. Nf3 e6 6. Be2 Nge7 7. O-O Bg4 8. c3
Nf5 9. Qe1 Be7 10. h3 Bxf3 11. Bxf3 Bh4 12. Qd2 Ng3 13. Rd1 h5 14. Qc2 Nf5 15.
Na3 a6 16. Qe2 Ng3 17. Qd2 Rg8 18. Nc2 g5 19. d4 g4 20. hxg4 hxg4 21. Be2 Ne4
22. Qd3 Bf2+ 23. Kf1 c4 24. Qxe4 dxe4 25. Kxf2 Qh4+ 26. Kg1 g3 27. Be3 Rh8 28.
Kf1 Qh1+ 29. Bg1 Rh2 30. Ne3 Ne7 31. Bxc4 Nf5 32. Ke2 Rxg2+ 33. Nxg2 Qxg2+ 34.
Ke1 Qxg1+ 35. Kd2 Qf2+ 0-1

[Event "ASIAN CITIES CHESS CHAMPIONSHIP 2015"]
[Site "Citrus Hotel , Waskaduwa, Sri Lanka"]
[Date "2015.07.23"]
[Round "3"]
[Board "2"]
[White "Bilegsaikhan, Oyunbold"]
[Black "Qaysiyah, Hani"]
[Result "0-1"]
[WhiteElo "2036"]
[BlackElo "1759"]
[PlyCount "38"]
[EventDate "2015.07.22"]
[EventType "team"]
[EventRounds "9"]
[EventCountry "SRI"]
[WhiteTeam "Erdenet, Mongolia"]
[BlackTeam "Jeruselam, Palestine"]

1. e4 e6 2. Nc3 d5 3. d3 dxe4 4. Nxe4 Nd7 5. g3 Ngf6 6. Bg2 Be7 7. Ne2 Nxe4 8.
dxe4 Ne5 9. Nd4 c5 10. Bf4 cxd4 11. Bxe5 Qa5+ 12. Qd2 Qxe5 13. O-O-O Bc5 14. f4
Qc7 15. h4 Bd7 16. Kb1 O-O-O 17. c3 Bc6 18. cxd4 Rxd4 19. Qc3 Qb6 {Poor
Recording} 0-1

[Event "ASIAN CITIES CHESS CHAMPIONSHIP 2015"]
[Site "Citrus Hotel , Waskaduwa, Sri Lanka"]
[Date "2015.07.23"]
[Round "3"]
[Board "3"]
[White "Tamra, Attallah"]
[Black "Ganbold, Choidog"]
[Result "0-1"]
[WhiteElo "2053"]
[BlackElo "2157"]
[PlyCount "61"]
[EventDate "2015.07.22"]
[EventType "team"]
[EventRounds "9"]
[EventCountry "SRI"]
[WhiteTeam "Jeruselam, Palestine"]
[BlackTeam "Erdenet, Mongolia"]

1. Nf3 f5 2. g3 Nf6 3. Bg2 g6 4. c4 Bg7 5. Nc3 d6 6. d4 O-O 7. O-O Nc6 8. d5
Ne5 9. b3 Rb8 10. Nd4 Bd7 11. h3 c5 12. Ne6 Bxe6 13. dxe6 Nc6 14. Bb2 Qc8 15.
Nd5 b5 16. Nxf6+ Bxf6 17. Bxf6 Rxf6 18. Bxc6 Qxc6 19. Qd5 Qc8 20. cxb5 Rxb5 21.
Rfe1 Rb4 22. Rad1 Re4 23. g4 Re5 24. Qc4 Qxe6 25. Qxe6+ Rfxe6 26. gxf5 Rxf5 27.
Kf1 Re4 28. Rd3 Kf7 29. Rf3 Rf6 30. Rc1 Ke6 31. Rg3 {Poor Recording} 0-1

[Event "ASIAN CITIES CHESS CHAMPIONSHIP 2015"]
[Site "Citrus Hotel , Waskaduwa, Sri Lanka"]
[Date "2015.07.23"]
[Round "3"]
[Board "4"]
[White "Bayarsaihan, Yondon"]
[Black "Dodean, Mahmood"]
[Result "0-1"]
[WhiteElo "1969"]
[BlackElo "1837"]
[PlyCount "56"]
[EventDate "2015.07.22"]
[EventType "team"]
[EventRounds "9"]
[EventCountry "SRI"]
[WhiteTeam "Erdenet, Mongolia"]
[BlackTeam "Jeruselam, Palestine"]

1. e4 c6 2. Nf3 d5 3. exd5 cxd5 4. Bb5+ Nc6 5. O-O e6 6. d4 Bd7 7. c4 Nge7 8.
Nc3 a6 9. Bxc6 bxc6 10. b3 Ng6 11. Qe2 Be7 12. Be3 O-O 13. Rac1 Bf6 14. Na4 Re8
15. Qd2 e5 16. Nxe5 Nxe5 17. dxe5 Rxe5 18. Nc5 Be6 19. Bf4 Bg5 20. Rfe1 Bxf4
21. Qxf4 Rxe1+ 22. Rxe1 Qa5 23. Qe3 d4 24. Qe5 Re8 25. Rd1 Bd7 26. b4 Rxe5 27.
bxa5 Rxc5 28. Rxd4 Be8 0-1

[Event "ASIAN CITIES CHESS CHAMPIONSHIP 2015"]
[Site "Citrus Hotel , Waskaduwa, Sri Lanka"]
[Date "2015.07.23"]
[Round "3"]
[Board "1"]
[White "Farazi, Khaiber"]
[Black "Yang, Ching Wei"]
[Result "0-1"]
[WhiteElo "2134"]
[BlackElo "2021"]
[PlyCount "82"]
[EventDate "2015.07.22"]
[EventType "team"]
[EventRounds "9"]
[EventCountry "SRI"]
[WhiteTeam "Kabul, Afghanistan"]
[BlackTeam "Taipei, Chinese Taipei"]

1. Nf3 Nf6 2. c4 c5 3. Nc3 Nc6 4. d4 cxd4 5. Nxd4 g6 6. e4 d6 7. Be2 Bg7 8. Be3
O-O 9. O-O Bd7 10. Rb1 Rc8 11. f4 a6 12. Kh1 Na5 13. e5 Ne8 14. exd6 Nxd6 15.
c5 Nf5 16. Nxf5 Bxf5 17. Rc1 Be6 18. Qa4 Nc6 19. Bf3 Qc7 20. b4 Rfd8 21. b5
axb5 22. Nxb5 Qa5 23. Qxa5 Nxa5 24. Rfd1 Bxa2 25. Rxd8+ Rxd8 26. Bxb7 Nxb7 27.
c6 Nd6 28. c7 Rc8 29. Na7 Ra8 30. Bc5 Be6 31. Rb1 Re8 32. Bxd6 exd6 33. Rb8 Kf8
34. Rd8 Bd4 35. Nb5 Bb6 36. Rb8 Bd7 37. h3 Bc5 38. Nc3 Rc8 39. Nd5 Ba7 40. Rb7
Bc6 41. Rxa7 Bxd5 0-1

[Event "ASIAN CITIES CHESS CHAMPIONSHIP 2015"]
[Site "Citrus Hotel , Waskaduwa, Sri Lanka"]
[Date "2015.07.23"]
[Round "3"]
[Board "2"]
[White "Min, Po-Yen"]
[Black "Mirzaad, S.Wahabuddin"]
[Result "1/2-1/2"]
[WhiteElo "1686"]
[BlackElo "2067"]
[PlyCount "90"]
[EventDate "2015.07.22"]
[EventType "team"]
[EventRounds "9"]
[EventCountry "SRI"]
[WhiteTeam "Taipei, Chinese Taipei"]
[BlackTeam "Kabul, Afghanistan"]

1. d4 e6 2. Nf3 d5 3. c4 Nf6 4. e3 Be7 5. Nc3 O-O 6. Bd3 c6 7. O-O dxc4 8. Bxc4
b5 9. Bd3 Bb7 10. e4 a6 11. Bg5 Nbd7 12. e5 Nd5 13. Bxe7 Qxe7 14. Ne4 c5 15.
Nd6 Bc6 16. dxc5 Nf4 17. Rc1 Bxf3 18. Qxf3 Nxd3 19. Qxd3 Nxe5 20. Qe4 Nd7 21.
Rfd1 Nf6 22. Qb7 Ra7 23. Qc6 Qc7 24. Qxc7 Rxc7 25. b4 Nd5 26. Rd4 Rd8 27. Ra1
g6 28. Kf1 Rb8 29. a4 bxa4 30. Rxa4 Rc6 31. Ke1 a5 32. bxa5 Rxc5 33. Rdc4 Rxc4
34. Nxc4 Kf8 35. Kd2 Ke7 36. g3 f6 37. Kd3 Nb4+ 38. Kd4 Na6 39. Nb6 Kd6 40. Rc4
e5+ 41. Kc3 f5 42. Nc8+ Kd7 43. Nb6+ Kd6 44. Nc8+ Kd7 45. Nb6+ Kd6 1/2-1/2

[Event "ASIAN CITIES CHESS CHAMPIONSHIP 2015"]
[Site "Citrus Hotel , Waskaduwa, Sri Lanka"]
[Date "2015.07.23"]
[Round "3"]
[Board "3"]
[White "Amini, Habibullah"]
[Black "Liu, Yeh Yang"]
[Result "0-1"]
[WhiteElo "1906"]
[BlackElo "1945"]
[PlyCount "120"]
[EventDate "2015.07.22"]
[EventType "team"]
[EventRounds "9"]
[EventCountry "SRI"]
[WhiteTeam "Kabul, Afghanistan"]
[BlackTeam "Taipei, Chinese Taipei"]

1. f4 c5 2. e4 Nc6 3. Nf3 d5 4. exd5 Qxd5 5. Nc3 Qd8 6. Bb5 Bd7 7. d3 a6 8. Ba4
Nf6 9. O-O e6 10. Bb3 Be7 11. Ne5 O-O 12. Nxd7 Qxd7 13. Be3 Nd4 14. h3 Rad8 15.
Ne2 Nxb3 16. axb3 Nd5 17. Bd2 Bf6 18. Qc1 Rfe8 19. Nc3 Nxc3 20. Bxc3 Bd4+ 21.
Kh1 Qc6 22. Qd2 Rd5 23. Qe2 Rc8 24. Qf3 b5 25. Ra5 Rd6 26. Qxc6 Rcxc6 27. Ra2
Kf8 28. Bd2 g6 29. g3 Ke8 30. Kg2 Kd7 31. Re1 Kc8 32. Re2 Kb7 33. b4 c4 34.
dxc4 Rxc4 35. c3 Bb6 36. Ra1 Rd3 37. Rf1 Rc7 38. Rf3 Rcd7 39. Rxd3 Rxd3 40. Be1
Kc6 41. Kf1 Kd5 42. b3 Be3 43. Rc2 Ke4 44. Ke2 g5 45. fxg5 Bxg5 46. c4 Re3+ 47.
Kf2 Rxb3 48. c5 Bd8 49. Rd2 Bc7 50. Re2+ Kd5 51. Kg2 Ra3 52. h4 a5 53. bxa5
Bxa5 54. Bf2 Bc3 55. Rc2 b4 56. Kf3 Bd4+ 57. Ke2 Bxf2 58. Kxf2 b3 59. Rc1 b2
60. Rb1 Rb3 0-1

[Event "ASIAN CITIES CHESS CHAMPIONSHIP 2015"]
[Site "Citrus Hotel , Waskaduwa, Sri Lanka"]
[Date "2015.07.24"]
[Round "4"]
[Board "1"]
[White "Himanshu, Sharma"]
[Black "Fang, Yuxiang"]
[Result "0-1"]
[WhiteElo "2410"]
[BlackElo "2440"]
[PlyCount "40"]
[EventDate "2015.07.22"]
[EventType "team"]
[EventRounds "9"]
[EventCountry "SRI"]
[WhiteTeam "Bangalore, India"]
[BlackTeam "Qingdao, China"]

1. Nf3 d5 2. d4 Nf6 3. c4 c6 4. Nc3 a6 5. e3 g6 6. Bd3 Bg7 7. O-O O-O 8. Qc2
Bg4 9. Ne5 Be6 10. Bd2 dxc4 11. Nxc4 b5 12. Ne5 c5 13. dxc5 Qc7 14. Nf3 Qxc5
15. Nd4 Bd7 16. a4 b4 17. Ne4 Qxc2 18. Bxc2 a5 19. Nxf6+ Bxf6 20. Be4 Ra6 {
Poor Recording} 0-1

[Event "ASIAN CITIES CHESS CHAMPIONSHIP 2015"]
[Site "Citrus Hotel , Waskaduwa, Sri Lanka"]
[Date "2015.07.24"]
[Round "4"]
[Board "2"]
[White "Xu, Zhihang"]
[Black "Stany, G.A."]
[Result "0-1"]
[WhiteElo "2234"]
[BlackElo "2380"]
[PlyCount "75"]
[EventDate "2015.07.22"]
[EventType "team"]
[EventRounds "9"]
[EventCountry "SRI"]
[WhiteTeam "Qingdao, China"]
[BlackTeam "Bangalore, India"]

1. c4 Nf6 2. Nf3 b6 3. g3 Bb7 4. Bg2 e6 5. O-O c5 6. d4 cxd4 7. Qxd4 Nc6 8. Qf4
Be7 9. Nc3 O-O 10. Rd1 d6 11. b3 Qb8 12. Bb2 Rd8 13. Rac1 a6 14. Nd4 Nxd4 15.
Qxd4 Bxg2 16. Kxg2 Qb7+ 17. f3 b5 18. e4 Ne8 19. Ne2 Bg5 20. Rc2 Bf6 21. Qd3
bxc4 22. Qxc4 d5 23. exd5 Rac8 24. Qe4 Bxb2 25. Rxb2 Nf6 26. Qe5 Nxd5 27. Rd4
Qb6 28. Rbd2 h6 29. Nf4 Nxf4+ 30. Qxf4 Rxd4 31. Qxd4 Qxd4 32. Rxd4 Rc2+ 33. Kh3
Rxa2 34. Rd7 a5 35. f4 g5 36. fxg5 hxg5 37. Kg4 Rb2 38. Kxg5 {Poor Recording}
 0-1

[Event "ASIAN CITIES CHESS CHAMPIONSHIP 2015"]
[Site "Citrus Hotel , Waskaduwa, Sri Lanka"]
[Date "2015.07.24"]
[Round "4"]
[Board "3"]
[White "Sanjay, N."]
[Black "Zhou, Jiangnan"]
[Result "1/2-1/2"]
[WhiteElo "2342"]
[BlackElo "2099"]
[PlyCount "137"]
[EventDate "2015.07.22"]
[EventType "team"]
[EventRounds "9"]
[EventCountry "SRI"]
[WhiteTeam "Bangalore, India"]
[BlackTeam "Qingdao, China"]

1. Nf3 Nf6 2. c4 g6 3. g3 c5 4. Bg2 Bg7 5. O-O O-O 6. d4 cxd4 7. Nxd4 Nc6 8.
Nc2 d6 9. Nc3 Be6 10. b3 Qd7 11. e4 Bh3 12. f3 Bxg2 13. Kxg2 Ne8 14. Bb2 Nc7
15. Rb1 Rab8 16. Ne3 Ne6 17. h4 f5 18. exf5 gxf5 19. f4 Nc5 20. Qd2 e6 21. Rbd1
Rbd8 22. Kh2 Qf7 23. Qg2 Qh5 24. Nb5 Bxb2 25. Qxb2 Ne4 26. Nc3 Nf6 27. Rfe1 Rf7
28. Qe2 Qg6 29. Qg2 Rg7 30. Rd2 Nh5 31. Ne2 Qf7 32. Red1 Qe7 33. Qf3 Nf6 34.
Nc3 Kh8 35. Re2 Qf7 36. Red2 Qe7 37. Re2 Qf7 38. Red2 Qf8 39. Kh3 Ng4 40. Kg2
e5 41. Nxg4 Rxg4 42. Ne2 Qf6 43. Kf1 exf4 44. Nxf4 h6 45. Qe3 Kh7 46. Re2 Rdg8
47. Qe6 Qxe6 48. Rxe6 Rxg3 49. Kf2 R3g4 50. Nh5 Rg2+ 51. Ke3 R8g6 52. Rdxd6
Rxe6+ 53. Rxe6 Rxa2 54. Rd6 Rb2 55. Rd7+ Kg6 56. Nf4+ Kf6 57. Rxb7 Na5 58. Nd5+
Ke5 59. Re7+ Kd6 60. Rxa7 Rxb3+ 61. Kf4 Nxc4 62. Ne7 Ke6 63. Nxf5 Rb4 64. Nxh6
Ne5+ 65. Kg3 Rb3+ 66. Kg2 Rb2+ 67. Kg3 Rb3+ 68. Kg2 Rb2+ 69. Kg3 1/2-1/2

[Event "ASIAN CITIES CHESS CHAMPIONSHIP 2015"]
[Site "Citrus Hotel , Waskaduwa, Sri Lanka"]
[Date "2015.07.24"]
[Round "4"]
[Board "4"]
[White "Li, Wenxiang"]
[Black "Raghunandan, Kaumandur Srihari"]
[Result "1/2-1/2"]
[WhiteElo "1882"]
[BlackElo "2236"]
[PlyCount "82"]
[EventDate "2015.07.22"]
[EventType "team"]
[EventRounds "9"]
[EventCountry "SRI"]
[WhiteTeam "Qingdao, China"]
[BlackTeam "Bangalore, India"]

1. d4 d5 2. c4 e6 3. Nc3 c6 4. Nf3 Nf6 5. Bg5 dxc4 6. a4 Bb4 7. e4 Bxc3+ 8.
bxc3 Qa5 9. e5 Ne4 10. Bd2 Nxd2 11. Qxd2 b5 12. Qb2 Nd7 13. axb5 Qxb5 14. Qa3
c5 15. Nd2 Qc6 16. Be2 Bb7 17. Bf3 Qc7 18. Nxc4 O-O 19. Bxb7 Qxb7 20. O-O cxd4
21. cxd4 Qd5 22. Qa4 Rfd8 23. Nd6 Nb6 24. Qb4 Nc8 25. Ra5 Qc6 26. Nxc8 Rdxc8
27. h3 h6 28. Rfa1 Qe4 29. Re1 Qf4 30. g3 Qf5 31. Qb7 Rab8 32. Qxa7 Rb2 33. d5
exd5 34. Rxd5 Qf3 35. Ra5 Rcc2 36. Qa8+ Qxa8 37. Rxa8+ Kh7 38. Rf1 Re2 39. Ra5
Kg6 40. g4 Rb3 41. Kg2 Rbe3 1/2-1/2

[Event "ASIAN CITIES CHESS CHAMPIONSHIP 2015"]
[Site "Citrus Hotel , Waskaduwa, Sri Lanka"]
[Date "2015.07.24"]
[Round "4"]
[Board "1"]
[White "Arjun, Satheesh"]
[Black "Abdyjapar, Asyl"]
[Result "0-1"]
[WhiteElo "1997"]
[BlackElo "2390"]
[PlyCount "58"]
[EventDate "2015.07.22"]
[EventType "team"]
[EventRounds "9"]
[EventCountry "SRI"]
[WhiteTeam "Calicut, India"]
[BlackTeam "Bishkek City, Kyrgyzstan"]

1. d4 Nf6 2. c4 e6 3. Nf3 b6 4. Nc3 Bb7 5. Bf4 Bb4 6. Qb3 Bxc3+ 7. Qxc3 Ne4 8.
Qc2 O-O 9. e3 f5 10. h4 d6 11. Ng5 Qe7 12. Nxe4 Bxe4 13. Qc3 Nd7 14. f3 Bb7 15.
O-O-O Rae8 16. Bg5 Qf7 17. Bf4 Kh8 18. Bd3 e5 19. Bh2 e4 20. Be2 exf3 21. gxf3
Qh5 22. Bf4 Bxf3 23. Bxf3 Qxf3 24. h5 Nf6 25. Rdf1 Qe4 26. h6 g6 27. Rhg1 Kg8
28. Qb3 Qe6 29. Qa4 Ne4 {Poor handwriting} 0-1

[Event "ASIAN CITIES CHESS CHAMPIONSHIP 2015"]
[Site "Citrus Hotel , Waskaduwa, Sri Lanka"]
[Date "2015.07.24"]
[Round "4"]
[Board "2"]
[White "Tologontegin, Semetey"]
[Black "Sanjid, Latheef"]
[Result "1-0"]
[WhiteElo "2402"]
[BlackElo "1922"]
[PlyCount "43"]
[EventDate "2015.07.22"]
[EventType "team"]
[EventRounds "9"]
[EventCountry "SRI"]
[WhiteTeam "Bishkek City, Kyrgyzstan"]
[BlackTeam "Calicut, India"]

1. d4 g6 2. e4 Bg7 3. c3 d5 4. Nd2 c6 5. Bd3 dxe4 6. Nxe4 Nf6 7. Nxf6+ exf6 8.
Ne2 O-O 9. O-O a5 10. a4 Na6 11. Nf4 Nc7 12. Qb3 Nd5 13. Bc4 Nxf4 14. Bxf4 g5
15. Be3 f5 16. f4 g4 17. Rad1 Qe7 18. Rfe1 Qd6 19. Qb6 Qd8 20. d5 cxd5 21. Rxd5
Qxb6 22. Bxb6 1-0

[Event "ASIAN CITIES CHESS CHAMPIONSHIP 2015"]
[Site "Citrus Hotel , Waskaduwa, Sri Lanka"]
[Date "2015.07.24"]
[Round "4"]
[Board "3"]
[White "Mohammed, Dilshad"]
[Black "Isaev, Chingys"]
[Result "1-0"]
[WhiteElo "1961"]
[BlackElo "2173"]
[PlyCount "32"]
[EventDate "2015.07.22"]
[EventType "team"]
[EventRounds "9"]
[EventCountry "SRI"]
[WhiteTeam "Calicut, India"]
[BlackTeam "Bishkek City, Kyrgyzstan"]

1. d4 d5 2. Bg5 c6 3. c3 Bf5 4. Qb3 Nd7 5. Nd2 e5 6. dxe5 Nxe5 7. Bf4 Bd6 8.
Bxe5 Bxe5 9. Ngf3 Bd6 10. c4 dxc4 11. Nxc4 Nf6 12. e3 O-O 13. Be2 Nh5 14. O-O
Be6 15. Rfd1 Bd5 16. Rac1 Kh8 {Poor Recording} 1-0

[Event "ASIAN CITIES CHESS CHAMPIONSHIP 2015"]
[Site "Citrus Hotel , Waskaduwa, Sri Lanka"]
[Date "2015.07.24"]
[Round "4"]
[Board "4"]
[White "Taalaibekov, Tagir"]
[Black "Arjun, K"]
[Result "1/2-1/2"]
[WhiteElo "2193"]
[BlackElo "2035"]
[PlyCount "21"]
[EventDate "2015.07.22"]
[EventType "team"]
[EventRounds "9"]
[EventCountry "SRI"]
[WhiteTeam "Bishkek City, Kyrgyzstan"]
[BlackTeam "Calicut, India"]

1. d4 Nf6 2. g3 g6 3. Bg2 Bg7 4. e4 d6 5. Ne2 O-O 6. O-O e5 7. Nbc3 Nc6 8. dxe5
dxe5 9. Bg5 Ne7 10. Qc1 c6 11. h3 {Poor Recording} 1/2-1/2

[Event "ASIAN CITIES CHESS CHAMPIONSHIP 2015"]
[Site "Citrus Hotel , Waskaduwa, Sri Lanka"]
[Date "2015.07.24"]
[Round "4"]
[Board "1"]
[White "Weerawardane, Romesh"]
[Black "Alahakoon, Isuru"]
[Result "1-0"]
[WhiteElo "2110"]
[BlackElo "2054"]
[PlyCount "57"]
[EventDate "2015.07.22"]
[EventType "team"]
[EventRounds "9"]
[EventCountry "SRI"]
[WhiteTeam "Colombo, Sri Lanka"]
[BlackTeam "Kandy, Sri Lanka"]

1. Nf3 Nf6 2. d4 g6 3. c4 Bg7 4. Nc3 d6 5. e4 O-O 6. Be2 Na6 7. O-O e5 8. Be3
Ng4 9. Bg5 Qe8 10. Re1 exd4 11. Nxd4 Qe5 12. Nf3 Qc5 13. Bh4 Be6 14. Nd2 h5 15.
h3 Ne5 16. Nb3 Qb6 17. Nd5 Bxd5 18. cxd5 f5 19. exf5 Rxf5 20. Bg3 Raf8 21. Kh1
R5f7 22. f4 h4 23. Bh2 Rxf4 24. Bxf4 Rxf4 25. Rf1 Rb4 26. Rb1 Nb8 27. Qd2 Nbd7
28. Qg5 a5 29. Rf4 1-0

[Event "ASIAN CITIES CHESS CHAMPIONSHIP 2015"]
[Site "Citrus Hotel , Waskaduwa, Sri Lanka"]
[Date "2015.07.24"]
[Round "4"]
[Board "2"]
[White "Peiris, T S S"]
[Black "Edirisinghe, Dulan"]
[Result "0-1"]
[WhiteElo "2022"]
[BlackElo "2051"]
[PlyCount "56"]
[EventDate "2015.07.22"]
[EventType "team"]
[EventRounds "9"]
[EventCountry "SRI"]
[WhiteTeam "Kandy, Sri Lanka"]
[BlackTeam "Colombo, Sri Lanka"]

1. d4 Nf6 2. c4 g6 3. Nc3 Bg7 4. e4 d6 5. h4 O-O 6. Be2 c5 7. d5 b5 8. cxb5 a6
9. b6 Qxb6 10. a3 e6 11. Nf3 exd5 12. exd5 Re8 13. O-O Bg4 14. Qc2 Nbd7 15. Be3
Qb7 16. Rfd1 Rab8 17. Rd2 Nb6 18. Qb3 Qc8 19. Qa2 Qf5 20. Rc1 Qh5 21. Bg5 h6
22. Bf4 Ne4 23. Nxe4 Rxe4 24. Bxd6 Rbe8 25. b4 Bxf3 26. Bg3 Bxe2 27. bxc5 Bc4
28. Qb1 Nxd5 0-1